[Event "Ponteareas op 2nd"]
[White "Gonzalez Fernandez, Jose M"]
[Black "Dominguez Certal, Dario"]
[Site "Ponteareas"]
[Round "5"]
[Result "0-1"]
[Date "2019.04.21"]
[WhiteElo "1179"]
[BlackElo "1393"]
[PlyCount "62"]
[EventDate "2019.04.20"]
[EventType "swiss"]
[EventRounds "5"]
[EventCountry "ESP"]
[SourceTitle "CBM 190 Extra"]
[Source "ChessBase"]
[SourceDate "2019.07.15"]
[SourceVersion "1"]
[SourceVersionDate "2019.07.15"]
[SourceQuality "1"]

1. e4 c5 2. Nc3 Nc6 3. Nf3 g6 4. d3 Bg7 5. Be2 Nf6 6. d4 cxd4 7. Nxd4 d6 8. h3 0-0 9. 0-0 Qb6 10. Be3 Qxb2 11. Qd2 Nxe4 12. Nxe4 Nxd4 13. Rfb1 Nxe2+ 14. Qxe2 Qe5 15. f3 Qa5 16. Bd2 Qc7 17. c3 Bf5 18. Rc1 Rac8 19. Qe3 b6 20. a4 Be6 21. Be1 Bc4 22. Kh1 a6 23. g4 f5 24. Ng5 fxg4 25. f4 gxh3 26. Qxh3 h6 27. Ne6 Qd7 28. Ng5 Qc6+ 29. Kh2 hxg5 30. Bf2 Rxf4 31. Bd4 Rh4 0-1

[Event "Ponteareas op 2nd"]
[White "Rodriguez Munoz, Alain Raul"]
[Black "Gonzalez Fernandez, Jose M"]
[Site "Ponteareas"]
[Round "3"]
[Result "0-1"]
[Date "2019.04.20"]
[WhiteElo "1686"]
[BlackElo "1179"]
[PlyCount "24"]
[EventDate "2019.04.20"]
[EventType "swiss"]
[EventRounds "5"]
[EventCountry "ESP"]
[SourceTitle "CBM 190 Extra"]
[Source "ChessBase"]
[SourceDate "2019.07.15"]
[SourceVersion "1"]
[SourceVersionDate "2019.07.15"]
[SourceQuality "1"]

1. e4 e5 2. f4 Nc6 3. Nf3 Nf6 4. fxe5 Nxe4 5. Bc4 d5 6. exd6 Nxd6 7. 0-0 Nxc4 8. Qe2+ Be6 9. d3 Nd6 10. Nc3 Qd7 11. d4 Ne7 12. Ng5 Bc4 0-1